000 00589nam a22002057a 4500
001 3055
003 BD-DhBUF
005 20260513164418.0
008 260513b bg ||||| |||| 00| 0 ben d
020 _a9848528148
040 _aBD-DhBUF
_cBD-DhBUF
100 _aK.A. Islam
_94389
245 _aIn the wonderland of bangladeshi managers :
_ba sensational book revealing managerial lapses in Bangladesh /
_cK.A. Islam
260 _aDhaka :
_bBoi Bazaar,
_c2006.
300 _avii, 283p. :
_c21cm. ;
526 _aBBA
650 _aManagement
650 _aManagers
_94028
942 _2ddc
_cBK
999 _c3055
_d3055